000 00345nam a2200133Ia 4500
008 210210b1961 xxu||||| |||| 00| 0 eng d
082 _a827 BRAB
100 _aBRAUDE (Jacob M).
245 _aSpeaker's encyclopaedia of humor.
260 _aBombay
_bJaico Publishing House
_c1961
300 _aii,354
690 _aEnglish Humor
906 _a028470
999 _c79716
_d79716